00954 2200325 4500001002100000005001500021035002000036007000300056008004100059100001800100245013100118250001000249300003500259020002200294082001100316084001700327090002000344260003100364700002700395700001700422700002000439850001000459500001900469650001500488504002900503990002400532990002400556990002400580990002400604INLIS00000000000224820260603085959 a0010-0220000099ta260603 0 0 aMujamil Qomar1 aManajemen Pembelajaran Pendidikan Agama Islam (PAI) /cMujamil Qomar, Editor: Dani Fitriyani, Hijrah Ahmad dan Adhika Prasetya aCet.1 axv, 252 hlm. :bilus. ;c23 cm a978-602-0935-80-5 a370.84 a370.84 MUJ m a371.1 ARI m 3-4 aJakarta :bErlangga,c20180 aEditor, Dani Fitriyani0 aHijrah Ahmad0 aAdhika Prasetya aPUPAD aProfil Penulis 4aPendidikan aBibliografi, hlm 253-264 a34.353/DAK/DPK/2019 a34.354/DAK/DPK/2019 a34.355/DAK/DPK/2019 a34.356/DAK/DPK/2019